000 00621nam a2200229Ia 4500
008 180523s9999 xx 000 0 und d
020 _a978-981-253-357-9
050 _aMAIN HD 31
050 _b.S34 2013
100 _aSchermerhorn, John R., Jr.
245 0 _aIntroduction to management /
245 0 _cJohn R. Schermerhorn, Jr.
250 _a12th Edition
260 _aSingapore :
260 _bJohn Wiley & Sons (Asia),
260 _c2013
300 _a483 pages :
300 _billustrations ;
300 _c26 cm.
500 _aIncludes bibliographical references and index.
650 _aManagement.
999 _c356869
_d356869